000 00705nam a2200205 i 4500
001 51498
003 ES-MaACL
005 20250901062527.0
007 t|
008 030813s1960 an ||||1| spa d
100 1 _aDalmais, Irenée-Henri.
_942502
245 1 4 _aLas liturgias orientales /
_cIrenée-Henri Dalmais ; [versión española de L. Medrano].
260 _aAndorra :
_bCasal y Vall,
_c[1960]
300 _a152 p. ;
_c18 cm.
490 1 _aYo sé, yo creo : enciclopedia del católico en el siglo XX
700 1 _aMedrano, L.
_979772
830 0 0 _aYo sé, yo creo: enciclopedia del católico del siglo XX
_9186579
852 _aES-MaACL
_jC-19874
_bR.47130
999 _c51498
_d51498